00458nam a22001577a 450000500170000000800410001702000150005804100120007308200150008510000240010024500540012425000190017826000470019730000310024465000250027520231116121915.0231116b |||||||| |||| 00| 0 eng d a0702105031 aEnglish a343.9 HAL  aHall, CG lEnglish  aHall on Water Rights in South Africa / cCG Hall  aFourth Edition aCape Town : bJuta and Company Ltd, c1974 bx, 393 pages ; c25,5 cm.  aLegal practice bLaw